000 00552nam a2200205 a 4500
001 12338
003 CO-ViMGA
008 141112s2004 ck r 000 u spa d
020 _a9589176364
040 _aCO-ViMGA
_bspa
_cCO-ViMGA
082 0 4 _a330.017 S354
100 1 _aUniversidad Javeriana,
_917610
245 1 0 _aética y Economía
260 _aBtá,
_cCEJA,
_c1994
300 _a230.p.
650 1 4 _aCRITICA E INTERPRETACION
_955140
650 1 4 _aEconomía - ASPECTOS SOCIALES
_952392
650 1 4 _aEconomía Y ética
_917611
942 _2ddc
_cBK
999 _c23348
_d23348